[Event "DEM U16 2022"]
[Site "Willingen GER"]
[Date "2022.06.11"]
[Round "9"]
[White "Foerster-Yialamas, Lucas"]
[Black "Heinrich, John"]
[Result "1-0"]
[Termination "normal"]
[Board "5"]
[WhiteTitle "CM"]
[WhiteElo "2117"]
[BlackElo "2011"]
[WhiteClock "00:08:13"]
[BlackClock "00:03:22"]
[PlyCount "105"]
[WhiteFideId "30901774"]
[BlackFideId "16259491"]
[EventCountry "GER"]
[EventRounds "9"]
[EventType "swiss"]
[EventDate "2022.06.04"]

1. e4 {[%clk 1:30:59]} c5 {[%clk 1:30:40]} 2. Nf3 {[%clk 1:31:27]} e6 {[%clk
1:31:02]} 3. d4 {[%clk 1:31:55]} cxd4 {[%clk 1:31:28]} 4. Nxd4 {[%clk 1:32:22]}
Nc6 {[%clk 1:31:47]} 5. Nc3 {[%clk 1:32:50]} Qc7 {[%clk 1:32:00]} 6. Be3 {[%clk
1:33:16]} Nf6 {[%clk 1:32:13]} 7. f4 {[%clk 1:33:44]} Bb4 {[%clk 1:27:00]} 8.
Ndb5 {[%clk 1:34:07]} Qa5 {[%clk 1:27:07]} 9. e5 {[%clk 1:34:33]} Nd5 {[%clk
1:26:47]} 10. Bd2 {[%clk 1:35:01]} Nxc3 {[%clk 1:26:22]} 11. Bxc3 {[%clk
1:35:30]} O-O {[%clk 1:26:09]} 12. Qd2 {[%clk 1:08:23]} f6 {[%clk 1:24:02]} 13.
exf6 {[%clk 1:07:31]} Rxf6 {[%clk 1:24:22]} 14. g3 {[%clk 1:05:35]} Rf5 {[%clk
1:08:53]} 15. Bxb4 {[%clk 0:59:25]} Nxb4 {[%clk 1:00:11]} 16. c3 {[%clk
0:58:26]} Nc6 {[%clk 0:59:10]} 17. b4 {[%clk 0:55:18]} Qb6 {[%clk 0:53:52]} 18.
Nd6 {[%clk 0:49:33]} Rd5 {[%clk 0:50:08]} 19. Nc4 {[%clk 0:49:57]} Qd8 {[%clk
0:44:10]} 20. Qe3 {[%clk 0:47:52]} Qf6 {[%clk 0:34:48]} 21. Rc1 {[%clk
0:46:52]} g5 {[%clk 0:28:16]} 22. Rg1 {[%clk 0:39:51]} g4 {[%clk 0:21:29]} 23.
Bd3 {[%clk 0:36:57]} Rh5 {[%clk 0:19:59]} 24. Qe2 {[%clk 0:36:36]} Kh8 {[%clk
0:16:57]} 25. Rg2 {[%clk 0:34:29]} Qg7 {[%clk 0:09:44]} 26. Nd6 {[%clk
0:32:10]} Qf8 {[%clk 0:08:01]} 27. Nb5 {[%clk 0:28:07]} Qg7 {[%clk 0:06:49]}
28. Nc7 {[%clk 0:23:27]} Rb8 {[%clk 0:07:14]} 29. b5 {[%clk 0:20:10]} Ne5
{[%clk 0:07:12]} 30. Bb1 {[%clk 0:14:20]} d5 {[%clk 0:05:10]} 31. Kd1 {[%clk
0:10:32]} Qxc7 {[%clk 0:03:57]} 32. fxe5 {[%clk 0:10:56]} Qxe5 {[%clk 0:02:45]}
33. Qxg4 {[%clk 0:10:59]} Bd7 {[%clk 0:03:00]} 34. Re2 {[%clk 0:10:34]} Qg5
{[%clk 0:02:20]} 35. Qd4+ {[%clk 0:10:45]} Kg8 {[%clk 0:02:24]} 36. Rf2 {[%clk
0:07:43]} Bxb5 {[%clk 0:02:11]} 37. Qxa7 {[%clk 0:07:24]} Qe5 {[%clk 0:01:55]}
38. Kd2 {[%clk 0:05:11]} Qg5+ {[%clk 0:01:47]} 39. Kc2 {[%clk 0:04:59]} Qd8
{[%clk 0:01:42]} 40. Re1 {[%clk 0:03:56]} Rh6 {[%clk 0:01:13]} 41. Qe3 {[%clk
0:02:07]} Rf6 {[%clk 0:25:47]} 42. Qg5+ {[%clk 0:26:43]} Rg6 {[%clk 0:25:35]}
43. Qe5 {[%clk 0:26:10]} Bd7 {[%clk 0:22:51]} 44. Qf4 {[%clk 0:20:43]} Rg7
{[%clk 0:22:01]} 45. Kb2 {[%clk 0:19:09]} Qb6+ {[%clk 0:21:08]} 46. Ka1 {[%clk
0:18:37]} Rc8 {[%clk 0:21:27]} 47. Ref1 {[%clk 0:17:48]} Qc5 {[%clk 0:21:47]}
48. Qe5 {[%clk 0:16:15]} Re7 {[%clk 0:17:51]} 49. Rf3 {[%clk 0:15:44]} Rg7
{[%clk 0:11:55]} 50. h4 {[%clk 0:14:16]} Qe7 {[%clk 0:09:40]} 51. Rf6 {[%clk
0:13:14]} Rd8 {[%clk 0:04:32]} 52. h5 {[%clk 0:10:52]} h6 {[%clk 0:03:22]} 53.
Bg6 {[%clk 0:08:13]} 1-0

[Event "DEM U16 2022"]
[Site "Willingen GER"]
[Date "2022.06.11"]
[Round "9"]
[White "Hommer, Jeremy"]
[Black "Jaskulski, Jan"]
[Result "1-0"]
[Termination "normal"]
[Board "6"]
[WhiteElo "2123"]
[BlackElo "1727"]
[WhiteClock "00:32:36"]
[BlackClock "00:24:19"]
[PlyCount "105"]
[WhiteFideId "12992577"]
[BlackFideId "21877807"]
[EventCountry "GER"]
[EventRounds "9"]
[EventType "swiss"]
[EventDate "2022.06.04"]

1. d4 {[%clk 1:30:57]} d5 {[%clk 1:30:49]} 2. c4 {[%clk 1:31:21]} e6 {[%clk
1:28:22]} 3. Nf3 {[%clk 1:30:10]} Be7 {[%clk 1:28:38]} 4. g3 {[%clk 1:30:33]}
Nf6 {[%clk 1:28:11]} 5. Bg2 {[%clk 1:30:26]} O-O {[%clk 1:28:02]} 6. O-O {[%clk
1:30:32]} dxc4 {[%clk 1:23:26]} 7. Ne5 {[%clk 1:29:45]} Nc6 {[%clk 1:23:27]} 8.
Nxc6 {[%clk 1:28:19]} bxc6 {[%clk 1:23:49]} 9. Na3 {[%clk 1:28:00]} Bxa3 {[%clk
1:10:55]} 10. bxa3 {[%clk 1:28:26]} Rb8 {[%clk 1:10:35]} 11. e3 {[%clk
1:13:19]} c5 {[%clk 1:01:21]} 12. a4 {[%clk 1:02:36]} cxd4 {[%clk 1:01:10]} 13.
exd4 {[%clk 1:02:31]} Bb7 {[%clk 0:58:41]} 14. Bxb7 {[%clk 1:00:11]} Rxb7
{[%clk 0:59:08]} 15. Ba3 {[%clk 0:59:33]} Re8 {[%clk 0:59:02]} 16. Rc1 {[%clk
0:56:38]} Qd5 {[%clk 0:57:08]} 17. Qe2 {[%clk 0:48:47]} Ne4 {[%clk 0:37:55]}
18. Rxc4 {[%clk 0:31:30]} Nd2 {[%clk 0:35:35]} 19. Rc5 {[%clk 0:31:38]} Qxd4
{[%clk 0:23:31]} 20. Rd1 {[%clk 0:28:37]} Rd8 {[%clk 0:23:11]} 21. Kg2 {[%clk
0:27:06]} Rb1 {[%clk 0:21:26]} 22. Rcc1 {[%clk 0:25:08]} Rbb8 {[%clk 0:13:07]}
23. Rxc7 {[%clk 0:19:25]} Qxa4 {[%clk 0:08:47]} 24. Bc1 {[%clk 0:03:25]} Ne4
{[%clk 0:04:36]} 25. Rxd8+ {[%clk 0:03:22]} Rxd8 {[%clk 0:04:36]} 26. Rc4
{[%clk 0:03:13]} Qa6 {[%clk 0:00:33]} 27. Rxe4 {[%clk 0:03:31]} Qc6 {[%clk
0:00:31]} 28. Qc4 {[%clk 0:02:36]} Qb7 {[%clk 0:00:55]} 29. f3 {[%clk 0:02:20]}
Rc8 {[%clk 0:01:22]} 30. Qf1 {[%clk 0:01:51]} Qb1 {[%clk 0:01:25]} 31. Bf4
{[%clk 0:01:18]} Qxa2+ {[%clk 0:01:44]} 32. Re2 {[%clk 0:01:42]} Rc2 {[%clk
0:01:14]} 33. Rxc2 {[%clk 0:02:03]} Qxc2+ {[%clk 0:01:43]} 34. Qf2 {[%clk
0:02:20]} Qa4 {[%clk 0:02:08]} 35. Qb2 {[%clk 0:01:36]} h5 {[%clk 0:01:42]} 36.
Qb8+ {[%clk 0:00:56]} Kh7 {[%clk 0:02:01]} 37. Qe5 {[%clk 0:00:59]} Qc2+ {[%clk
0:02:00]} 38. Kh3 {[%clk 0:00:58]} Qf5+ {[%clk 0:00:35]} 39. Qxf5+ {[%clk
0:01:20]} exf5 {[%clk 0:01:05]} 40. Bc7 {[%clk 0:01:40]} g5 {[%clk 0:00:40]}
41. Kg2 {[%clk 0:01:46]} Kg6 {[%clk 0:27:27]} 42. Kf2 {[%clk 0:31:55]} h4
{[%clk 0:22:17]} 43. gxh4 {[%clk 0:31:22]} g4 {[%clk 0:22:40]} 44. f4 {[%clk
0:30:48]} f6 {[%clk 0:23:09]} 45. Kg3 {[%clk 0:30:36]} Kh6 {[%clk 0:22:57]} 46.
Ba5 {[%clk 0:30:21]} Kh5 {[%clk 0:23:18]} 47. Be1 {[%clk 0:30:41]} Kg6 {[%clk
0:23:29]} 48. Kf2 {[%clk 0:30:58]} Kh5 {[%clk 0:23:42]} 49. Ke3 {[%clk
0:31:05]} a5 {[%clk 0:23:08]} 50. Kd4 {[%clk 0:31:28]} a4 {[%clk 0:23:30]} 51.
Kc3 {[%clk 0:31:46]} a3 {[%clk 0:23:52]} 52. Kb3 {[%clk 0:32:11]} a2 {[%clk
0:24:19]} 53. Kxa2 {[%clk 0:32:36]} 1-0

[Event "DEM U16 2022"]
[Site "Willingen GER"]
[Date "2022.06.11"]
[Round "9"]
[White "Metzdorf, Matteo"]
[Black "Ohler, Julius"]
[Result "1/2-1/2"]
[Termination "normal"]
[Board "7"]
[WhiteElo "2009"]
[BlackElo "2011"]
[WhiteClock "00:21:26"]
[BlackClock "01:11:52"]
[PlyCount "38"]
[WhiteFideId "16209869"]
[BlackFideId "16238982"]
[EventCountry "GER"]
[EventRounds "9"]
[EventType "swiss"]
[EventDate "2022.06.04"]

1. e4 {[%clk 1:30:59]} c6 {[%clk 1:30:55]} 2. Nc3 {[%clk 1:31:22]} d5 {[%clk
1:31:20]} 3. Nf3 {[%clk 1:31:39]} Bg4 {[%clk 1:31:25]} 4. h3 {[%clk 1:31:38]}
Bxf3 {[%clk 1:31:49]} 5. Qxf3 {[%clk 1:32:03]} e6 {[%clk 1:32:13]} 6. d4 {[%clk
1:17:59]} Nf6 {[%clk 1:32:03]} 7. Bg5 {[%clk 1:02:18]} h6 {[%clk 1:31:22]} 8.
Bxf6 {[%clk 0:57:53]} Qxf6 {[%clk 1:31:40]} 9. Qxf6 {[%clk 0:57:31]} gxf6
{[%clk 1:32:05]} 10. g3 {[%clk 0:48:51]} Bb4 {[%clk 1:30:43]} 11. Bg2 {[%clk
0:47:47]} Nd7 {[%clk 1:29:00]} 12. O-O {[%clk 0:35:18]} Bxc3 {[%clk 1:25:36]}
13. bxc3 {[%clk 0:35:47]} Nb6 {[%clk 1:25:38]} 14. Rfe1 {[%clk 0:29:36]} O-O-O
{[%clk 1:23:08]} 15. a4 {[%clk 0:25:26]} Nc4 {[%clk 1:14:55]} 16. Bf1 {[%clk
0:20:07]} Nd2 {[%clk 1:14:48]} 17. Bg2 {[%clk 0:20:32]} Nc4 {[%clk 1:15:10]}
18. Bf1 {[%clk 0:20:58]} Nd2 {[%clk 1:11:52]} 19. Bg2 {[%clk 0:21:26]} Nc4
1/2-1/2

[Event "DEM U16 2022"]
[Site "Willingen GER"]
[Date "2022.06.11"]
[Round "9"]
[White "Albert, Markus"]
[Black "Stork, Christopher"]
[Result "1-0"]
[Termination "normal"]
[Board "8"]
[WhiteElo "2053"]
[BlackElo "1994"]
[WhiteClock "00:42:15"]
[BlackClock "00:08:42"]
[PlyCount "71"]
[WhiteFideId "16292626"]
[BlackFideId "16215400"]
[EventCountry "GER"]
[EventRounds "9"]
[EventType "swiss"]
[EventDate "2022.06.04"]

1. g4 {[%clk 1:30:43]} e5 {[%clk 1:25:30]} 2. d4 {[%clk 1:29:45]} exd4 {[%clk
1:23:05]} 3. Bg2 {[%clk 1:29:13]} Nc6 {[%clk 1:22:26]} 4. Nf3 {[%clk 1:28:40]}
d5 {[%clk 1:20:19]} 5. h3 {[%clk 1:28:37]} Bc5 {[%clk 1:18:56]} 6. O-O {[%clk
1:24:56]} Nge7 {[%clk 1:17:26]} 7. Nbd2 {[%clk 1:24:32]} O-O {[%clk 1:15:14]}
8. Nb3 {[%clk 1:24:33]} Bd6 {[%clk 1:14:28]} 9. Nbxd4 {[%clk 1:23:37]} Nxd4
{[%clk 1:13:23]} 10. Qxd4 {[%clk 1:23:04]} c5 {[%clk 1:12:40]} 11. Qd3 {[%clk
1:22:01]} f5 {[%clk 1:05:41]} 12. Rd1 {[%clk 1:04:45]} Bc7 {[%clk 0:55:15]} 13.
g5 {[%clk 0:59:23]} Be6 {[%clk 0:54:16]} 14. c3 {[%clk 0:57:44]} Qd6 {[%clk
0:51:43]} 15. b4 c4 {[%clk 0:48:00]} 16. Qd4 {[%clk 0:51:51]} Nc6 {[%clk
0:46:08]} 17. Qc5 {[%clk 0:48:24]} Qxc5 {[%clk 0:41:58]} 18. bxc5 {[%clk
0:48:49]} b6 {[%clk 0:40:07]} 19. Be3 {[%clk 0:46:21]} f4 {[%clk 0:35:13]} 20.
Nd4 {[%clk 0:46:19]} Nxd4 {[%clk 0:32:45]} 21. Bxd4 {[%clk 0:46:20]} b5 {[%clk
0:32:03]} 22. a4 {[%clk 0:44:27]} Rfb8 {[%clk 0:30:39]} 23. axb5 {[%clk
0:44:16]} Rxb5 {[%clk 0:31:03]} 24. Ra6 {[%clk 0:44:33]} Bf7 {[%clk 0:27:27]}
25. Rda1 {[%clk 0:44:09]} g6 {[%clk 0:21:33]} 26. Bf3 {[%clk 0:42:49]} Rb2
{[%clk 0:19:26]} 27. Kg2 {[%clk 0:41:55]} Rd8 {[%clk 0:19:08]} 28. Rxa7 {[%clk
0:42:04]} Bb8 {[%clk 0:19:06]} 29. Re7 {[%clk 0:42:08]} Kf8 {[%clk 0:18:33]}
30. Bf6 {[%clk 0:42:17]} Rc8 {[%clk 0:17:23]} 31. Ra8 {[%clk 0:41:20]} Rxc5
{[%clk 0:12:33]} 32. Rd7 {[%clk 0:41:35]} Rcb5 {[%clk 0:11:40]} 33. Rd8+ {[%clk
0:41:47]} Be8 {[%clk 0:12:03]} 34. Be5 {[%clk 0:41:43]} Ke7 {[%clk 0:08:39]}
35. Raxb8 {[%clk 0:41:51]} Rxb8 {[%clk 0:08:42]} 36. Rxb8 {[%clk 0:42:15]} 1-0

[Event "DEM U16 2022"]
[Site "Willingen GER"]
[Date "2022.06.11"]
[Round "9"]
[White "Chassard, Cedric"]
[Black "Lerchl, Clemens"]
[Result "1/2-1/2"]
[Termination "normal"]
[Board "9"]
[WhiteElo "2072"]
[BlackElo "1843"]
[WhiteClock "00:24:23"]
[BlackClock "00:25:23"]
[PlyCount "88"]
[WhiteFideId "16243536"]
[BlackFideId "16226372"]
[EventCountry "GER"]
[EventRounds "9"]
[EventType "swiss"]
[EventDate "2022.06.04"]

1. e4 {[%clk 1:30:57]} c5 {[%clk 1:30:57]} 2. Nf3 {[%clk 1:31:20]} d6 {[%clk
1:31:24]} 3. Bb5+ {[%clk 1:31:42]} Nd7 {[%clk 1:31:37]} 4. Ba4 {[%clk 1:31:38]}
Ngf6 {[%clk 1:31:19]} 5. O-O {[%clk 1:31:23]} Nxe4 {[%clk 1:29:58]} 6. Re1
{[%clk 1:31:36]} Nef6 {[%clk 1:30:24]} 7. d4 {[%clk 1:31:47]} e6 {[%clk
1:29:15]} 8. d5 {[%clk 1:30:42]} e5 {[%clk 1:29:35]} 9. Nxe5 {[%clk 1:30:26]}
Be7 {[%clk 1:27:21]} 10. Nc4 {[%clk 1:26:47]} O-O {[%clk 1:25:46]} 11. Bf4
{[%clk 1:25:54]} Nb6 {[%clk 1:26:11]} 12. Nxb6 {[%clk 1:25:00]} axb6 {[%clk
1:26:36]} 13. Bb5 {[%clk 1:11:08]} Bd7 {[%clk 1:23:40]} 14. Nc3 {[%clk
1:07:44]} Ra5 {[%clk 1:17:10]} 15. a4 {[%clk 1:04:39]} Ne8 {[%clk 1:08:42]} 16.
Bxd7 {[%clk 0:57:00]} Qxd7 {[%clk 1:09:03]} 17. Nb5 {[%clk 0:56:34]} Nf6 {[%clk
0:47:56]} 18. Rxe7 {[%clk 0:31:33]} Qxe7 {[%clk 0:48:17]} 19. Bxd6 {[%clk
0:31:52]} Qe4 {[%clk 0:48:43]} 20. Bxf8 {[%clk 0:31:52]} Kxf8 {[%clk 0:48:58]}
21. Nc3 {[%clk 0:30:54]} Qd4 {[%clk 0:49:16]} 22. Qxd4 {[%clk 0:19:51]} cxd4
{[%clk 0:49:40]} 23. Nb5 {[%clk 0:20:13]} Nxd5 {[%clk 0:46:00]} 24. Nxd4 {[%clk
0:20:16]} Rc5 {[%clk 0:43:03]} 25. Kf1 {[%clk 0:19:36]} Nb4 {[%clk 0:41:15]}
26. c3 {[%clk 0:16:23]} Nd3 {[%clk 0:41:33]} 27. Rb1 {[%clk 0:14:41]} Rc4
{[%clk 0:40:59]} 28. Ke2 {[%clk 0:14:02]} Nc5 {[%clk 0:40:53]} 29. Nf5 {[%clk
0:02:21]} g6 {[%clk 0:32:47]} 30. Ne3 {[%clk 0:01:28]} Rxa4 {[%clk 0:32:43]}
31. Nd5 {[%clk 0:01:31]} Re4+ {[%clk 0:31:29]} 32. Kf3 {[%clk 0:01:38]} Re6
{[%clk 0:28:22]} 33. Ra1 {[%clk 0:01:03]} Rd6 {[%clk 0:25:27]} 34. Ne3 {[%clk
0:01:32]} Kg7 {[%clk 0:16:12]} 35. Rd1 {[%clk 0:01:24]} Re6 {[%clk 0:09:56]}
36. Rd4 {[%clk 0:01:53]} h5 {[%clk 0:03:55]} 37. g3 {[%clk 0:02:06]} Kh6 {[%clk
0:03:49]} 38. h4 {[%clk 0:02:19]} Kg7 {[%clk 0:04:11]} 39. Ke2 {[%clk 0:02:18]}
Kf6 {[%clk 0:04:14]} 40. Kf3 {[%clk 0:02:24]} Kg7 {[%clk 0:01:45]} 41. Ng2
{[%clk 0:27:47]} Nb3 {[%clk 0:29:47]} 42. Rd5 {[%clk 0:26:57]} Nc5 {[%clk
0:26:23]} 43. Ne3 {[%clk 0:25:58]} Kf6 {[%clk 0:25:55]} 44. Nc4 {[%clk
0:24:23]} Ke7 {[%clk 0:25:23]} 1/2-1/2

[Event "DEM U16 2022"]
[Site "Willingen GER"]
[Date "2022.06.11"]
[Round "9"]
[White "Rempe, Jonas"]
[Black "Mimkes, Antal"]
[Result "1-0"]
[Termination "normal"]
[Board "11"]
[WhiteElo "1856"]
[BlackElo "1696"]
[WhiteClock "00:11:01"]
[BlackClock "00:24:14"]
[PlyCount "75"]
[WhiteFideId "16202406"]
[BlackFideId "16265963"]
[EventCountry "GER"]
[EventRounds "9"]
[EventType "swiss"]
[EventDate "2022.06.04"]

1. e4 {[%clk 1:30:41]} e5 {[%clk 1:30:33]} 2. Nf3 {[%clk 1:31:06]} Nc6 {[%clk
1:30:35]} 3. Bb5 {[%clk 1:31:33]} f5 {[%clk 1:30:36]} 4. d3 {[%clk 1:32:02]}
Nf6 {[%clk 1:30:53]} 5. Nc3 {[%clk 1:32:31]} Bc5 {[%clk 1:30:21]} 6. O-O {[%clk
1:23:46]} O-O {[%clk 1:25:51]} 7. exf5 {[%clk 1:10:44]} d6 {[%clk 1:19:30]} 8.
Ne4 {[%clk 0:57:17]} Bb6 {[%clk 1:17:05]} 9. Bg5 {[%clk 0:48:43]} Kh8 {[%clk
1:13:30]} 10. Nh4 {[%clk 0:37:08]} Nd4 {[%clk 1:06:45]} 11. Bxf6 {[%clk
0:24:24]} gxf6 {[%clk 1:00:07]} 12. Qh5 {[%clk 0:19:19]} Nxb5 {[%clk 0:56:58]}
13. Ng6+ {[%clk 0:19:25]} Kg7 {[%clk 0:56:20]} 14. Nxf8 {[%clk 0:19:45]} Qxf8
{[%clk 0:56:06]} 15. a4 {[%clk 0:17:38]} Nd4 {[%clk 0:54:41]} 16. a5 {[%clk
0:16:57]} d5 17. axb6 {[%clk 0:11:38]} dxe4 {[%clk 0:52:10]} 18. dxe4 {[%clk
0:12:07]} cxb6 {[%clk 0:50:25]} 19. Ra3 {[%clk 0:12:13]} Bd7 {[%clk 0:47:38]}
20. Rh3 {[%clk 0:11:47]} Qh8 {[%clk 0:42:16]} 21. c3 {[%clk 0:10:22]} Nc6
{[%clk 0:38:11]} 22. Rd1 {[%clk 0:10:21]} Be8 {[%clk 0:36:45]} 23. Rg3+ {[%clk
0:10:15]} Kf8 {[%clk 0:34:13]} 24. Qh6+ {[%clk 0:10:43]} Kf7 {[%clk 0:33:12]}
25. Rd6 {[%clk 0:11:10]} Ne7 {[%clk 0:27:46]} 26. Re6 {[%clk 0:09:02]} Rd8
{[%clk 0:25:57]} 27. Rg7+ {[%clk 0:08:36]} Qxg7 {[%clk 0:25:37]} 28. Rxe7+
{[%clk 0:09:03]} Kxe7 {[%clk 0:26:06]} 29. Qxg7+ {[%clk 0:09:31]} Bf7 {[%clk
0:26:34]} 30. h3 {[%clk 0:09:28]} h5 {[%clk 0:26:00]} 31. Qh6 {[%clk 0:09:30]}
Rd3 {[%clk 0:24:45]} 32. f4 {[%clk 0:08:46]} exf4 {[%clk 0:24:11]} 33. Qxf4
{[%clk 0:09:14]} Rd7 {[%clk 0:24:04]} 34. e5 {[%clk 0:09:35]} fxe5 {[%clk
0:24:19]} 35. Qxe5+ {[%clk 0:10:03]} Kd8 {[%clk 0:24:11]} 36. g4 {[%clk
0:10:24]} Rd1+ {[%clk 0:23:57]} 37. Kg2 {[%clk 0:10:50]} Bd5+ {[%clk 0:24:14]}
38. Kg3 {[%clk 0:11:01]} 1-0

[Event "DEM U16 2022"]
[Site "Willingen GER"]
[Date "2022.06.11"]
[Round "9"]
[White "Gluma, Christian"]
[Black "Ehrig, Leon Chris"]
[Result "1-0"]
[Termination "normal"]
[Board "12"]
[WhiteElo "2014"]
[BlackElo "1890"]
[WhiteClock "00:02:02"]
[BlackClock "00:01:24"]
[PlyCount "78"]
[WhiteFideId "16223209"]
[BlackFideId "16244796"]
[EventCountry "GER"]
[EventRounds "9"]
[EventType "swiss"]
[EventDate "2022.06.04"]

1. e4 {[%clk 1:30:56]} c5 {[%clk 1:30:52]} 2. Nf3 {[%clk 1:31:19]} a6 {[%clk
1:31:19]} 3. c3 {[%clk 1:31:00]} e6 {[%clk 1:31:08]} 4. d4 {[%clk 1:27:41]} d5
{[%clk 1:31:32]} 5. e5 {[%clk 1:22:05]} Bd7 {[%clk 1:30:47]} 6. Be3 {[%clk
1:15:09]} Qb6 {[%clk 1:27:26]} 7. Qc2 {[%clk 1:12:02]} Nc6 {[%clk 1:22:30]} 8.
a3 {[%clk 1:08:40]} Rc8 {[%clk 1:20:55]} 9. dxc5 {[%clk 1:01:38]} Bxc5 {[%clk
1:20:54]} 10. Bxc5 {[%clk 1:01:36]} Qxc5 {[%clk 1:21:17]} 11. Nbd2 {[%clk
0:58:49]} Nge7 {[%clk 1:18:07]} 12. Bd3 {[%clk 0:55:59]} Ng6 {[%clk 1:12:29]}
13. Bxg6 {[%clk 0:55:07]} hxg6 {[%clk 1:12:48]} 14. O-O {[%clk 0:53:23]} Qb6
{[%clk 1:10:57]} 15. Rfe1 {[%clk 0:50:40]} Qc7 {[%clk 1:09:42]} 16. Qd3 {[%clk
0:48:18]} Na5 {[%clk 1:03:25]} 17. Qe3 {[%clk 0:39:20]} b5 {[%clk 0:55:14]} 18.
Qf4 {[%clk 0:35:08]} Nc4 {[%clk 0:49:01]} 19. Rab1 {[%clk 0:29:19]} Rh5 20. Re2
{[%clk 0:22:16]} Rf5 {[%clk 0:31:31]} 21. Qg3 {[%clk 0:17:51]} Qd8 {[%clk
0:28:11]} 22. Nb3 {[%clk 0:16:11]} a5 {[%clk 0:25:05]} 23. Nbd4 {[%clk
0:14:55]} Rh5 {[%clk 0:25:19]} 24. Qf4 {[%clk 0:13:04]} Qe7 {[%clk 0:21:49]}
25. h4 {[%clk 0:10:55]} Rb8 {[%clk 0:20:08]} 26. Nc2 {[%clk 0:09:21]} Bc8
{[%clk 0:14:40]} 27. Ng5 {[%clk 0:07:30]} Ba6 {[%clk 0:09:07]} 28. b3 {[%clk
0:05:39]} Nb6 {[%clk 0:09:10]} 29. Re3 {[%clk 0:04:45]} Rc8 {[%clk 0:08:03]}
30. Nd4 {[%clk 0:03:15]} Rc7 {[%clk 0:07:34]} 31. Qg4 {[%clk 0:02:42]} Rh8
{[%clk 0:04:33]} 32. Rf3 {[%clk 0:02:21]} Rf8 {[%clk 0:02:15]} 33. Ngxe6 {[%clk
0:01:41]} fxe6 {[%clk 0:01:08]} 34. Qxg6+ {[%clk 0:00:45]} Rf7 {[%clk 0:01:16]}
35. Nxe6 {[%clk 0:01:04]} Rc6 {[%clk 0:00:32]} 36. Nxg7+ {[%clk 0:01:09]} Kf8
{[%clk 0:00:52]} 37. Rxf7+ {[%clk 0:01:19]} Qxf7 {[%clk 0:01:08]} 38. Qxc6 Qxg7
{[%clk 0:00:56]} 39. Qxb6 {[%clk 0:02:02]} Bc8 {[%clk 0:01:24]} 1-0

[Event "DEM U16 2022"]
[Site "Willingen GER"]
[Date "2022.06.11"]
[Round "9"]
[White "Spriestersbach, Kai"]
[Black "Tovmasyan, Minas"]
[Result "1/2-1/2"]
[Termination "normal"]
[Board "15"]
[WhiteElo "1948"]
[BlackElo "1933"]
[WhiteClock "00:15:10"]
[BlackClock "00:00:47"]
[PlyCount "74"]
[WhiteFideId "16269985"]
[BlackFideId "16247620"]
[EventCountry "GER"]
[EventRounds "9"]
[EventType "swiss"]
[EventDate "2022.06.04"]

1. e4 {[%clk 1:30:57]} c5 {[%clk 1:30:32]} 2. Nf3 {[%clk 1:31:21]} e6 {[%clk
1:30:57]} 3. d4 {[%clk 1:31:48]} cxd4 {[%clk 1:31:20]} 4. Nxd4 {[%clk 1:32:13]}
d6 {[%clk 1:31:45]} 5. Nc3 {[%clk 1:32:27]} a6 {[%clk 1:32:10]} 6. g4 {[%clk
1:27:38]} b5 {[%clk 1:31:15]} 7. Bd3 {[%clk 1:26:57]} Bb7 {[%clk 1:30:46]} 8.
Be3 {[%clk 1:21:29]} Nd7 {[%clk 1:29:29]} 9. Qe2 {[%clk 1:18:56]} Qc7 {[%clk
1:19:20]} 10. a3 {[%clk 1:15:55]} Nb6 {[%clk 1:15:14]} 11. a4 {[%clk 1:02:07]}
b4 {[%clk 1:05:50]} 12. Nb1 {[%clk 1:01:41]} d5 {[%clk 1:03:24]} 13. Nd2 {[%clk
0:58:47]} Nf6 {[%clk 1:00:51]} 14. a5 {[%clk 0:56:05]} Nbd7 {[%clk 0:46:31]}
15. f3 {[%clk 0:53:36]} dxe4 {[%clk 0:33:24]} 16. fxe4 {[%clk 0:53:47]} Nc5
{[%clk 0:32:01]} 17. Bg5 {[%clk 0:51:58]} Be7 {[%clk 0:23:57]} 18. N4b3 h6
{[%clk 0:14:54]} 19. Bh4 {[%clk 0:49:49]} Qf4 {[%clk 0:13:06]} 20. Rf1 {[%clk
0:47:10]} Nxd3+ {[%clk 0:11:59]} 21. cxd3 {[%clk 0:47:14]} Qxg4 {[%clk
0:11:45]} 22. Bxf6 {[%clk 0:47:06]} Qxe2+ {[%clk 0:12:11]} 23. Kxe2 {[%clk
0:47:30]} Bxf6 {[%clk 0:09:54]} 24. Nc4 {[%clk 0:46:09]} O-O {[%clk 0:06:33]}
25. Nb6 {[%clk 0:44:07]} Rad8 {[%clk 0:06:30]} 26. Rac1 {[%clk 0:43:41]} Bxb2
{[%clk 0:05:39]} 27. Rc7 {[%clk 0:42:02]} Bc8 {[%clk 0:06:03]} 28. Nxc8 {[%clk
0:37:25]} Rxc8 {[%clk 0:06:29]} 29. Rfxf7 {[%clk 0:37:49]} Rxc7 {[%clk
0:05:05]} 30. Rxc7 {[%clk 0:38:13]} Be5 {[%clk 0:02:43]} 31. Rc6 {[%clk
0:37:39]} Bxh2 {[%clk 0:03:09]} 32. Rxa6 {[%clk 0:37:34]} h5 {[%clk 0:02:40]}
33. Rxe6 {[%clk 0:33:46]} h4 {[%clk 0:02:09]} 34. Nd4 {[%clk 0:32:45]} Bc7
{[%clk 0:01:17]} 35. Rc6 {[%clk 0:21:16]} Bxa5 {[%clk 0:00:49]} 36. Rc1 {[%clk
0:20:52]} Bd8 {[%clk 0:00:34]} 37. Rb1 {[%clk 0:15:10]} Bf6 {[%clk 0:00:47]}
1/2-1/2